000 00488nam a2200181Ia 4500
001 11068
005 20260306161919.0
008 260306t2021||||xx |||||||||||||| ||spa||
041 _aESP
082 _a985.004
_bE92
100 _aEstenssoro, Juan Carlos
_eAUT
245 0 _aLas independencias antes de la independencia:
_bmiradas alternativas desde los pueblos
260 _c2021
300 _a525 páginas :
_c24 cm.
650 _aGEN
654 _aCHU
942 _cLIB
_dJUS
_fJUS
_2ddc
_n
999 _c11068
_d11068